| 000 | 00536nam a2200133Ia 4500 | ||
|---|---|---|---|
| 005 | 20260209120150.0 | ||
| 008 | 260209s9999||||xx |||||||||||||| ||und|| | ||
| 100 | _aPreeti Ratnoo | ||
| 245 | 0 | _aNavigating the crossroads : crypto assets in India - security, currency or an uncharted territory | |
| 260 |
_aBangaloreBangalore _bNLSIU, Bangalore _c2023 - 2024 |
||
| 300 | _a35 p. ; 25 cm. | ||
| 700 | _aDr. Ashrita Prasad Kotha - SupervisorDr. Ashrita Prasad Kotha - Supervisor | ||
| 856 | _uhttps://dans.nls.ac.in/handle/123456789/2191 | ||
| 999 |
_c217695 _d217695 |
||